00972cam a22003013a 45000010005000000030006000050050017000110080041000280400015000690420007000840500007000911000035000982450100001332600029002335060030002625160020002926530031003126530033003436530020003766530025003966530031004217400049004528300028005018560041005299420007005709990019005779520074005965155PGUSA20140828083114.0040201s2004||||xxu|||||s|||||000 1 eng d aPGUSAbeng adc 4aPS1 aDonnelly, Ignatius,d1831-190110aCæsar's Column :bA Story of the Twentieth Centuryh[electronic resource] /cIgnatius Donnelly bProject Gutenberg,c2004 aPublic domain in the USA. aElectronic text aSocial problems -- Fiction aTwentieth century -- Fiction aScience fiction aDystopias -- Fiction aNew York (N.Y.) -- Fiction0 aCaesar's Column: A Story of the 20th Century 0aProject Gutenbergv515540uhttp://www.gutenberg.org/ebooks/5155 cEB c234484d234484 001040aGTBbGTBd2014-08-28l0r2014-08-28 00:00:00w2014-08-28yEB